=LDR 00000nam 2200000 4500 =001 NUTBA000000000002441 =005 20140616163616.0 =006 =007 =008 =020 ##$$a 979-006-281-8 =035 ##$$a 0010-061400000000384 =040 ##$$a Ind =082 ##$$a 639.39 =090 ##$$a 639.39$bSus d =100 ##$$a Susilo, agus broto =245 ##$$a Dahsyatnya bisnis tokek$cAgus broto susilo =250 ##$$a Cet.1 =260 ##$$a Jakarta$bAgro media$c2010. =300 ##$$a Vi,86 Hlm$bIlus$c21 cm. =850 ##$$a NBPNMAT =990 ##$$a 21106937 =990 ##$$a 21400613/BPAP-NTB/20142014